000
00304nam a22001457a 4500
008
210429b ||||| |||| 00| 0 eng d
020
_a
9780745914374
041
_a
eng
080
_a
521
082
_a
521
100
_a
42
101
_a
AST
245
_a
Star Watching
_c
David Block
942
_2
udc
_c
BK
999
_c
56932
_d
56932